000 00660nam a22002297a 4500
003 UA-OsUOA
001 92865
007 ta
008 20121228b un ||||| |||| 00| 0 ukr d
100 _aАдамович А.
090 _a821.161.1
_bА28
942 _cBK
040 _aUA-OsUOA
_brus
_cUA-OsUOA
_dUA-OsUOA
245 _aАсия. Последний отпуск. Повести
_bповести
300 _a192 с.
955 _a3
041 _arus
080 _a821.161.1
260 _aМинск
_bМастацкая література
_c1975
650 7 _a82 Література. Літературознавство
_2UDC
999 _c379362
_d379362